| 000 | 00607nam a2200181Ia 4500 | ||
|---|---|---|---|
| 008 | 090123s9999 xx 000 0 und d | ||
| 082 | _b14376 | ||
| 100 | _aवझे यशवंत | ||
| 245 | _aइंग्रजी भाषेचा अभ्यास | ||
| 250 | _a1 | ||
| 260 | _bश्री गौरी प्रकाशन | ||
| 300 | _a144 | ||
| 600 | _aवझे यशवंत | ||
| 630 | _aइंग्रजी भाषेचा अभ्यास | ||
| 700 | _aवझे यशवंत | ||
| 730 | _aइंग्रजी भाषेचा अभ्यास | ||
| 942 | _cBOOK | ||
| 999 |
_c52437 _d52437 |
||